LEADER 03839nam 2200493 450 001 9910483099803321 005 20220122183014.0 010 $a981-16-2241-8 024 7 $a10.1007/978-981-16-2241-0 035 $a(CKB)4100000011930476 035 $a(DE-He213)978-981-16-2241-0 035 $a(MiAaPQ)EBC6627587 035 $a(Au-PeEL)EBL6627587 035 $a(OCoLC)1253557509 035 $a(PPN)255883277 035 $a(EXLCZ)994100000011930476 100 $a20220122d2021 uy 0 101 0 $aeng 135 $aurnn|008mamaa 181 $ctxt$2rdacontent 182 $cc$2rdamedia 183 $acr$2rdacarrier 200 10$aMobility data-driven urban traffic monitoring /$fZhidan Liu, Kaishun Wu 205 $a1st ed. 2021. 210 1$aGateway East, Singapore :$cSpringer,$d[2021] 210 4$dİ2021 215 $a1 online resource (XI, 69 p. 21 illus., 18 illus. in color.) 225 1 $aSpringerBriefs in Computer Science,$x2191-5768 311 $a981-16-2240-X 327 $aChapter 1 Introduction -- Chapter 2 Urban Traffic Monitoring from Mobility Data -- Chapter 3 A Compressive Sensing based Traffic Monitoring Approach -- Chapter 4 A Dynamic Correlation Modeling based Traffic Monitoring Approach -- Chapter 5 A Crowdsensing based Traffic Monitoring Approach. -Chapter 6 Conclusion and Future Work. 330 $aThis book introduces the concepts of mobility data and data-driven urban traffic monitoring. A typical framework of mobility data-based urban traffic monitoring is also presented, and it describes the processes of mobility data collection, data processing, traffic modelling, and some practical issues of applying the models for urban traffic monitoring. This book presents three novel mobility data-driven urban traffic monitoring approaches. First, to attack the challenge of mobility data sparsity, the authors propose a compressive sensing-based urban traffic monitoring approach. This solution mines the traffic correlation at the road network scale and exploits the compressive sensing theory to recover traffic conditions of the whole road network from sparse traffic samplings. Second, the authors have compared the traffic estimation performances between linear and nonlinear traffic correlation models and proposed a dynamical non-linear traffic correlation modelling-based urban traffic monitoring approach. To address the challenge of involved huge computation overheads, the approach adapts the traffic modelling and estimations tasks to Apache Spark, a popular parallel computing framework. Third, in addition to mobility data collected by the public transit systems, the authors present a crowdsensing-based urban traffic monitoring approach. The proposal exploits the lightweight mobility data collected from participatory bus riders to recover traffic statuses through careful data processing and analysis. Last but not the least, the book points out some future research directions, which can further improve the accuracy and efficiency of mobility data-driven urban traffic monitoring at large scale. This book targets researchers, computer scientists, and engineers, who are interested in the research areas of intelligent transportation systems (ITS), urban computing, big data analytic, and Internet of Things (IoT). Advanced level students studying these topics benefit from this book as well. 410 0$aSpringerBriefs in Computer Science,$x2191-5768 606 $aTraffic monitoring$xData processing 615 0$aTraffic monitoring$xData processing. 676 $a388.3140723 700 $aLiu$b Zhidan$0853153 702 $aWu$b Kaishun 801 0$bMiAaPQ 801 1$bMiAaPQ 801 2$bMiAaPQ 906 $aBOOK 912 $a9910483099803321 996 $aMobility Data-Driven Urban Traffic Monitoring$91905054 997 $aUNINA LEADER 01954nam 2200433 a 450 001 9910698763403321 005 20090408151817.0 035 $a(CKB)5470000002396220 035 $a(OCoLC)318075819 035 $a(EXLCZ)995470000002396220 100 $a20090408d2009 ua 0 101 0 $aeng 135 $aurmn||||||||| 181 $ctxt$2rdacontent 182 $cc$2rdamedia 183 $acr$2rdacarrier 200 10$aVeterinarian workforce$b[electronic resource] $ethe federal government lacks a comprehensive understanding of its capacity to protect animal and public health : testimony before the Subcommittee on Oversight of Government Management, the Federal Workforce, and the District of Columbia, Committee on Homeland Security and Governmental Affairs, U.S. Senate /$fstatement of Lisa Shames 210 1$a[Washington, D.C.] :$cU.S. Govt. Accountability Office,$d[2009] 215 $a8 pages $cdigital, PDF file 225 1 $aTestimony ;$vGAO-09-424T 300 $aTitle from title screen (viewed on Mar. 12, 2009). 300 $a"For release ... February 26, 2009 ." 320 $aIncludes bibliographical references. 517 $aVeterinarian workforce 606 $aVeterinarians$xSupply and demand$xGovernment policy$zUnited States 606 $aZoonoses$xPrevention 606 $aPublic health$zUnited States 615 0$aVeterinarians$xSupply and demand$xGovernment policy 615 0$aZoonoses$xPrevention. 615 0$aPublic health 700 $aShames$b Lisa$01384432 712 02$aUnited States.$bCongress.$bSenate.$bCommittee on Homeland Security and Governmental Affairs.$bSubcommittee on Oversight of Government Management, the Federal Workforce, and the District of Columbia. 712 02$aUnited States.$bGovernment Accountability Office. 801 0$bGPO 801 1$bGPO 906 $aBOOK 912 $a9910698763403321 996 $aVeterinarian workforce$93450193 997 $aUNINA LEADER 03436oam 22006974 450 001 9910166654003321 005 20250322110035.0 010 $a9780822355564 010 $a0822355566 010 $a9780822377306 010 $a0822377306 035 $a(CKB)2550000001178062 035 $a(EBL)1603739 035 $a(SSID)ssj0001059434 035 $a(PQKBManifestationID)12461147 035 $a(PQKBTitleCode)TC0001059434 035 $a(PQKBWorkID)11081288 035 $a(PQKB)10573501 035 $a(MiAaPQ)EBC1603739 035 $a864899787 035 $a(oapen)https://directory.doabooks.org/handle/20.500.12854/30578 035 $a(ODN)ODN0011133860 035 $a(oapen)doab30578 035 $a(EXLCZ)992550000001178062 100 $a20131210d2013 uy 0 101 0 $aeng 135 $aur|n|---||||| 181 $ctxt$2rdacontent 182 $cc$2rdamedia 183 $acr$2rdacarrier 200 00$aBorderland lives in northern South Asia /$fedited by David N. Gellner ; with an afterword by Willem van Schendel 210 $aDurham NC$cDuke University Press$d2014 210 1$aDurham :$cDuke University Press,$d2013. 215 $a1 online resource (319 p.) 311 08$a0-8223-5542-6 311 08$a1-306-19216-1 320 $aIncludes bibliographical references and index. 327 $aIntroduction: Northern South Asia's diverse borders, from Kachchh to Mizoram / David N. Gellner -- Borders without borderlands : on the social reproduction of state demarcation in Rajasthan / Anastasia Piliavsky -- Allegiance and alienation : border dynamics in Kargil / Radhika Gupta -- Naturalizing the Himalaya-as-border in Uttarakhand / Nayanika Mathur -- On the way to India : Nepali rituals of border crossing / Sondra L. Hausner and Jeevan R. Sharma -- The perils of being a borderland people : on the Lhotshampas of Bhutan / Rosalind Evans -- Developing the border : state and the political economy of development in Arunachal Pradesh / Deepak K. Mishra -- The micropolitics of borders : the issue of Greater Nagaland (or Nagalim) / Vibha Joshi -- Nodes of control in a South(east) Asian borderland / Nicholas Farrelly -- Histories of belonging(s) : narrating territory, possession, and dispossession at the India-Bangladesh border / Jason Cons -- Geographies and identities : subaltern partition stories along Bengal's southern frontier / Annu Jalais -- Afterword: Making the most of "sensitive" borders / Willem van Schendel. 330 $aThis volumes presents assays on the peoples living along India's borders with Bangladesh, Bhutan, Burma/Myanmar, China, and Nepal reveal Northern South Asia as a region encompassing radically different ways of life and relationships to the state. 606 $aAsian history$2bicssc 607 $aSouth Asia$xBoundaries$xHistory 607 $aSouth Asia$xPolitics and government 607 $aSouth Asia$xRelations 607 $aSouth Asia$xSocial conditions 610 $aHistory 610 $aIndia 610 $aNaga people 610 $aNagaland 610 $aNepal 615 7$aAsian history 676 $a306.20954 676 $a306.20954 701 $aGellner$b David N$0985438 701 $aSchendel$b Willem van$0520877 801 0$bN$T 801 1$bN$T 801 2$bNDD 906 $aBOOK 912 $a9910166654003321 996 $aBorderland lives in northern South Asia$92252510 997 $aUNINA